000 00606nam a2200193Ia 4500
003 IN-BaIIA
008 211028s9999 xx 000 0 eng d
040 _cIIA Library
080 _a524.5
_bMEN
100 _aMenzel, Donald H
_91294
245 0 _aPhysical processes in gaseous nebulae
_btheoy of the balmer decrement
_cMenzel, D. H. & Baker, J. G.
260 _bAstronomical Society of the Pacific
_c1937
300 _a610p.
650 _aAstronomy and astrophysics thesaurus
650 _aGaseous nebulae
_92296
650 _aInterstellar matter
_91189
700 _aBaker, James G.
_92297
942 _cBK
999 _c1072
_d1072